Diccionarios

Guardado en:
Detalles Bibliográficos
Autor principal: Mounin, Georges (autor)
Formato: Libro
Lenguaje:español
Publicado: Barcelona Labor 1979
Materias:
Etiquetas: Agregar Etiqueta
Sin Etiquetas, Sea el primero en etiquetar este registro!

MARC

LEADER 00000nam a2200000 a 4500
001 UCZ7798
003 CL-VaPUC
008 960112e19790000SP |||||||||||||||||spa|d
082 0 4 |a 413  |b MOU  |2 21 
100 |a Mounin, Georges  |e autor  |9 322268 
245 1 0 |a Diccionarios 
246 1 0 |a Diccionario de linguística 
300 |a 249 p 
942 |c BK 
945 |d 19960112 00:00:00  |a rleighto 
260 |a Barcelona  |b Labor  |c 1979 
650 0 |a Español  |9 255372 
650 0 |a Diccionarios  |9 256200 
650 0 |a Lingüística  |9 265068 
583 |a last modification  |c 19960112 00:00:00  |k Rodrigo Vera 
999 |c 243796  |d 243794 
952 |0 0  |1 0  |4 0  |6 413_000000000000000_MOU_1979  |7 0  |8 X  |9 257598  |a BIBEDU  |b BIBEDU  |d 2019-11-19  |i 3165124  |o 413 MOU 1979  |p 3165124  |r 2023-01-13  |w 2019-11-19  |y BK_X  |k LIT